Personnages de Friends par images - Statistiques

Statistiques générales
  • Ce quiz a été pris 2 432 fois
  • Le résultat moyen est 13 sur 16
Statistiques - réponses
Par images Réponse % Correct
Monica Geller
99%
Rachel Green
99%
Chandler Bing
98%
Ross Geller
98%
Joey Tribbiani
97%
Phoebe Buffay
97%
Ben Geller
87%
Gunther
87%
Janice Litman Goralnick
87%
Richard Burcke
81%
Marcel
80%
Mike Hannigan
74%
Carol Willick
72%
Thomas Jones (Tag)
50%
Amy Green
46%
Monsieur Heckles
24%
Aucun quiz correspondant
Distribution des résultats
% des personnes avec chaque résultat
Percentile par nombre de réponses
Votre historique - résultats
Vous n’avez pas pris ce quiz